Interpreten nach Lieder #8 - H - Statistiken

Allgemein
  • Dieses Quiz wurde 86 mal gespielt
  • Das Durchschnittsergebnis liegt bei 9 aus 30
Antwortstatistiken
Lieder Interpret % Korrekt
As It Was, Watermelon Sugar, Sign of the Times Harry Styles
85%
Bochum, Männer, Mambo Herbert Grönemeyer
85%
Herzbeben, Achterbahn, Ich will immer wieder... dieses Fieber spür'n Helene Fischer
81%
Blau blüht der Enzian, Frische Erdbeeren, Treue Bergvagabunden Heino
77%
Steh auf, mach laut!; Wenn nicht jetzt, wann dann?; Viva Colonia Höhner
60%
Katzeklo, Mörchen, Bonbon aus Wurst Helge Schneider
58%
Hello Again, Ti Amo, Samstag Nacht Howard Carpendale
55%
Wolf Totem, Yuve Yuve Yu, This Is Mongol The HU
47%
Life, Rock My Heart, What Is Love Haddaway
41%
Auf der Reeperbahn nachts um halb eins, Das Herz von St. Pauli, La Paloma Hans Albers
37%
Rosemarie, Sternenhimmel, Midnight Sun Hubert Kah
37%
Dein ist mein ganzes Herz, Alles was sie will, Finden Sie Mabel Heinz Rudolf Kunze
27%
Johnny B., All You Zombies, And We Danced The Hooters
27%
Lucky, Closer, Without Me Halsey
25%
Wings of a Butterfly, Join Me In Death, Right Here In My Arms HIM
21%
Barracuda, Alone, Crazy On You Heart
18%
I Want Out, Dr. Stein, Keeper of the Seven Keys Helloween
18%
Bullet, Everywhere I Go, Undead Hollywood Undead
15%
Kaugummi ist mega!, Pommesgabel, Dinos woll'n euch tanzen seh'n Heavysaurus
11%
Walk Idiot Walk, Hate To Say I Told You So, Tick Tick Boom The Hives
11%
Let Me Go, Starving, Love Myself Hailee Steinfeld
10%
I Miss the Misery, Love Bites (So Do I), I Get Off Halestorm
10%
Es regnet Bier, Stay Kränk, Alte Liebe rostet nicht Hämatom
10%
King Kong, Nie Aufhören, Raveship HBz
10%
Anne, Warum bin ich so fröhlich?, Opzij Herman van Veen
8%
Last Man Standing, Any Means Necessary, Hearts on Fire HammerFall
7%
Little Girl, Countdown To Insanity, Move H-Blockx
7%
Black Tears, Hunters Will Be Hunted, La Résistance Heaven Shall Burn
7%
Seven Enemies, Looking Down the Barrel of Today, Destroy Everything Hatebreed
5%
Am Alex an der Weltzeituhr, LA LA LAND, sweet Haiyti
1%
Keine übereinstimmenden Quizze gefunden
Verteilung der Resultate
Anzahl Personen mit jedem Resultat
Perzentil nach korrekt beantworteten Fragen
Ihre Resultats-Entwicklung
Sie haben dieses Quiz noch nicht gespielt